000 00573nam a22001817a 4500
999 _c191045
_d191045
005 20220817170051.0
010 _aENG-134477
020 _a9789386302496
_c495.00
035 _aEN-118009
037 _bDBAD/PUB
082 _a954.165
100 _aAshraf, Syeda Sakina
245 _aMagical Memoirs:
_bNagaland 40 years Ago/
_cSyeda Sakina Ashraf
260 _aAssam
_bEBH Publishers
_c2018
270 _a136, M.L. Nehru Road, Panbazar
_bGuwahati
_e781001
_measternbookhouse@gmail.com
300 _axiv, 88p.
_c22cm(hb)
942 _2ddc
_cEN
_h954.165
_mASH